Bharat's simplified approach to corporate tax planning and management / (Record no. 67305)

MARC details
000 -LEADER
fixed length control field 00528nam a22001697a 4500
005 - DATE AND TIME OF LATEST TRANSACTION
control field 20120529124625.0
020 ## - INTERNATIONAL STANDARD BOOK NUMBER
International Standard Book Number 8177332708
Terms of availability 250.00
035 ## - SYSTEM CONTROL NUMBER
System control number B-110518
037 ## - SOURCE OF ACQUISITION
Stock number DPL
Source of stock number/acquisition ENG
100 ## - MAIN ENTRY--PERSONAL NAME
Personal name Ahuja, Girish
245 ## - TITLE STATEMENT
Title Bharat's simplified approach to corporate tax planning and management /
Statement of responsibility, etc by Girish Ahuja and Ravi Gupta
250 ## - EDITION STATEMENT
Edition statement 7th ed.
260 ## - PUBLICATION, DISTRIBUTION, ETC. (IMPRINT)
Place of publication, distribution, etc New Delhi
Name of publisher, distributor, etc Bharat Law House
Date of publication, distribution, etc 2005
300 ## - PHYSICAL DESCRIPTION
Extent 664p.
Dimensions 22 cms.
700 ## - ADDED ENTRY--PERSONAL NAME
Personal name Gupta, Ravi
9 (RLIN) 48123
942 ## - ADDED ENTRY ELEMENTS (KOHA)
Source of classification or shelving scheme Dewey Decimal Classification
Item type English Books
Classification part 346.54066
Call number suffix AHU

No items available.


© Delhi Public Library
Hit Counter
free hit counter